LEADER 00828nam0 2200265 450 001 000004562 005 20080710170839.0 010 $a0-12-103455-0 100 $a20030307d1998----km-y0itay50------ba 101 0 $aeng 102 $aUS 200 1 $aBacterial biogeochemistry$ethe ecophysiology of mineral cycling$fT. Fenchel, G. M. King and T. H. Blackburn 205 $a2. ed. 210 $aSan Diego [etc.]$cAcademic press$d1998 215 $aVIII, 307 p.$cill.$d24 cm 610 1 $aMicrobiologia$aBatteri 676 $a579.3 700 1$aFenchel,$bTom$0282195 701 1$aKing,$bGary M.$0282197 701 1$aBlackburn,$bT.H.$0592993 801 0$aIT$bUNIPARTHENOPE$gRICA$2UNIMARC 912 $a000004562 951 $cPIST$aP1 579-B/1$b35689$d20030307 996 $aBacterial biogeochemistry$91205861 997 $aUNIPARTHENOPE LEADER 04792nam 2200625 450 001 9910511429603321 005 20200330164101.0 010 $a90-04-31638-8 024 7 $a10.1163/9789004316386 035 $a(CKB)3710000000720850 035 $a(SSID)ssj0001672757 035 $a(PQKBManifestationID)16432358 035 $a(PQKBTitleCode)TC0001672757 035 $a(PQKBWorkID)14968047 035 $a(PQKB)10892184 035 $a(PQKBManifestationID)16471180 035 $a(PQKB)25010997 035 $a(MiAaPQ)EBC4547318 035 $a(OCoLC)938394181 035 $a(nllekb)BRILL9789004316386 035 $a(EXLCZ)993710000000720850 100 $a20160711h20162016 uy 0 101 0 $aeng 135 $aurcnu|||||||| 181 $ctxt 182 $cc 183 $acr 200 00$aOn coerced labor $ework and compulsion after chattel slavery /$fedited by Marcel van der Linden, Magaly Rodriguez Garcia 210 1$aLeiden, Netherlands ;$aBoston, [Massachusetts] :$cBrill,$d2016. 210 4$d©2016 215 $a1 online resource (387 pages) $cillustrations, tables, maps 225 1 $aStudies in Global Social History,$x1572-4107 ;$vVolume 25 300 $aBibliographic Level Mode of Issuance: Monograph 311 $a90-04-31637-X 320 $aIncludes bibliographical references and index. 327 $tPreliminary Material /$rMarcel van der Linden and Magaly Rodríguez García --$tIntroduction /$rMarcel van der Linden and Magaly Rodríguez García --$tOn the Legal Boundaries of Coerced Labor /$rMagaly Rodríguez García --$tModern Slavery: The Legal Tug-of-war between Globalization and Fragmentation /$rNicole Siller --$tForced Labor and Institutional Change in Contemporary India /$rChristine Molfenter --$tForced Labor in Colonial Penal Institutions across the Spanish, U.S., British, French Atlantic, 1860s?1920s /$rKelvin Santiago-Valles --$tConvict Labor in the Southern Borderlands of Latin America (ca. 1750s?1910s): Comparative Perspectives /$rChristian G. De Vito --$t?A military necessity which must be pressed?: The U.S. Army and Forced Road Labor in the Early American Colonial Philippines /$rJustin F. Jackson --$tForeign Forced Labor at Mitsubishi?s Nagasaki and Hiroshima Shipyards: Big Business, Militarized Government, and the Absence of Shipbuilding Workers? Rights in World War II Japan /$rDavid Palmer --$tCoerced Coffee Cultivation and Rural Agency: The Plantation-Economy of the Kivu (1918?1940) /$rSven Van Melkebeke --$t?As much in bondage as they was before?: Unfree Labor during the New Deal (1935?1952) /$rNicola Pizzolato --$tState-Sanctioned Coercion and Agricultural Contract Labor: Jamaican and Mexican Workers in Canada and the United States, 1909?2014 /$rLuis F.B. Plascencia --$t?Modern Slave Labor? in Brazil at the Intersection of Production, Migration and Resistance Networks /$rLisa Carstensen --$tDissecting Coerced Labor /$rMarcel van der Linden --$tBibliography /$rMarcel van der Linden and Magaly Rodríguez García --$tIndex /$rMarcel van der Linden and Magaly Rodríguez García. 330 $aOn Coerced Labor focuses on those forms of labor relations that have been overshadowed by the ?extreme? categories (wage labor and chattel slavery) in the historiography. It covers types of work lying between what the law defines as ?free labor? and ?slavery.? The frame of reference is the observation that although chattel slavery has largely been abolished in the course of the past two centuries, other forms of coerced labor have persisted in most parts of the world. While most nations have increasingly condemned the continued existence of slavery and the slave trade, they have tolerated labor relationships that involve violent control, economic exploitation through the appropriation of labor power, restriction of workers? freedom of movement, and fraudulent debt obligations. Contributors are: Lisa Carstensen, Christian G. De Vito, Justin F. Jackson, Christine Molfenter, David Palmer, Nicola Pizzolato, Luis F.B. Plascencia, Magaly Rodríguez García, Kelvin Santiago-Valles, Nicole J. Siller, Marcel van der Linden, Sven Van Melkebeke. 410 0$aStudies in global social history ;$vVolume 25. 606 $aForced labor$xHistory 606 $aSlave labor$xHistory 606 $aLabor$xHistory 608 $aElectronic books. 615 0$aForced labor$xHistory. 615 0$aSlave labor$xHistory. 615 0$aLabor$xHistory. 676 $a331.11/73 702 $aLinden$b Marcel van der$f1952- 702 $aRodriguez Garcia$b Magaly$f1973- 801 0$bMiAaPQ 801 1$bMiAaPQ 801 2$bMiAaPQ 906 $aBOOK 912 $a9910511429603321 996 $aOn coerced labor$92549392 997 $aUNINA